01346nam a2200337 a 4500001001200000003000800012006001900020007001500039008004100054010001700095020001500112040002100127035002100148050002400169082002000193245012800213246002600341260005100367300002200418490003900440504005100479533015200530650002700682650003100709655002900740700002800769700002800797710001700825830004000842856012600882ebr10256873CaPaEBRm u cr cn|||||||||040330s2004 caua sb 001 0 eng  z 2004104806 z0761944737 aCaPaEBRcCaPaEBR a(OCoLC)60930528514aLB2395b.L39 2004eb04a428.4/071/122200aLearning to read critically in language and literacyh[electronic resource] /cedited by Andrew Goodwyn and Andrew Stables.30aLanguage and literacy aThousand Oaks, CA :bSAGE Publications,c2004. ax, 238 p. :bill.1 aLearning to read critically series aIncludes bibliographical references and index. aElectronic reproduction.bPalo Alto, Calif. :cebrary,d2013.nAvailable via World Wide Web.nAccess may be limited to ebrary affiliated libraries. 0aLanguage arts (Higher) 0aReading (Higher education) 7aElectronic books.2local1 aGoodwyn, Andrew,d1954-1 aStables, Andrew,d1956-2 aebrary, Inc. 0aLearning to read critically series.40uhttp://site.ebrary.com/lib/rucke/Doc?id=10256873zAn electronic book accessible through the World Wide Web; click to view